Southville International School and Colleges
Your cart is empty.
  • Cart
  • Lists
    Public lists Eva Luna New books Lux_list list_1
    Your lists Log in to create your own lists
  • Log in to your account
  • Your cookies
  • Search history
Southville International School and Colleges
  • Advanced search
  • Recent comments
  • Most popular
  • Libraries

Log in to your account

Log in with GOOGLE


If you do not have an external account, but do have a local account, you can still log in:

  1. Home
  2. MARC view: Inventory management and control
Normal view MARC view ISBD view

Inventory management and control (Record no. 367416)

[ view plain ]
MARC details
000 -LEADER
fixed length control field 00704nam a22002297a 4500
003 - CONTROL NUMBER IDENTIFIER
control field 0
005 - DATE AND TIME OF LATEST TRANSACTION
control field 20250426135013.0
008 - FIXED-LENGTH DATA ELEMENTS--GENERAL INFORMATION
fixed length control field 250426b xxu||||| |||| 00| 0 eng d
020 ## - INTERNATIONAL STANDARD BOOK NUMBER
International Standard Book Number 9786214271368
050 ## - LIBRARY OF CONGRESS CALL NUMBER
Classification number TS 160
Item number .B36 2023
100 ## - MAIN ENTRY--PERSONAL NAME
Personal name Banaag, Francis B.
245 ## - TITLE STATEMENT
Title Inventory management and control
Statement of responsibility, etc Francis B. Banaag
250 ## - EDITION STATEMENT
Edition statement second edition
260 ## - PUBLICATION, DISTRIBUTION, ETC. (IMPRINT)
Place of publication, distribution, etc Manila
Name of publisher, distributor, etc Unlimited Books Library Services & Publishing Inc.
Date of publication, distribution, etc c2023
300 ## - PHYSICAL DESCRIPTION
Extent xiv, 224 pages ;
Dimensions 23cm.
504 ## - BIBLIOGRAPHY, ETC. NOTE
Bibliography, etc Includes bibliographical references.
650 ## - SUBJECT ADDED ENTRY--TOPICAL TERM
Topical term or geographic name as entry element Inventory control.
650 ## - SUBJECT ADDED ENTRY--TOPICAL TERM
Topical term or geographic name as entry element Materials management.
650 ## - SUBJECT ADDED ENTRY--TOPICAL TERM
Topical term or geographic name as entry element Production management.
700 ## - ADDED ENTRY--PERSONAL NAME
Personal name Ducut, Rodolfo L.
942 ## - ADDED ENTRY ELEMENTS (KOHA)
Source of classification or shelving scheme Library of Congress Classification
Koha item type Books
Holdings
Withdrawn status Lost status Source of classification or shelving scheme Damaged status Home library Current library Shelving location Date acquired Source of acquisition Sub Shelving location Total Checkouts Full call number Barcode Date last seen Price effective from Koha item type
    Library of Congress Classification   College Library College Library Filipiniana Section 04/26/2025 Library Fund     TS 160 .B36 2023 C24402 04/26/2025 04/26/2025 Books
    Library of Congress Classification   College Library College Library Filipiniana Section 04/26/2025 Library Fund     TS 160 .B36 2023 C24401 04/26/2025 04/26/2025 Books
    Library of Congress Classification   College Library College Library Filipiniana Section 05/07/2025 Library Fund     TS 160 .B36 2023 C24579 05/07/2025 05/07/2025 Books

Inventory management and control

APA

Banaag F. B., Ducut R. L., . (2023). Inventory management and control. Manila: Unlimited Books Library Services & Publishing Inc.

Chicago

Banaag Francis B, Ducut Rodolfo L, . 2023. Inventory management and control. Manila: Unlimited Books Library Services & Publishing Inc.

Harvard

Banaag F. B., Ducut R. L., . (2023). Inventory management and control. Manila: Unlimited Books Library Services & Publishing Inc.

MLA

Banaag Francis B, Ducut Rodolfo L, . Inventory management and control. Manila: Unlimited Books Library Services & Publishing Inc. 2023.

  • Place hold
  • Print
  • Cite
  • Add to your cart (remove)
  • Save record
    BIBTEX Dublin Core MARCXML MARC (non-Unicode/MARC-8) MARC (Unicode/UTF-8) MARC (Unicode/UTF-8, Standard) MODS (XML) RIS
  • More searches
    Search for this title in:
    Other Libraries (WorldCat) Other Databases (Google Scholar) Online Stores (Bookfinder.com) Open Library (openlibrary.org)

Exporting to Dublin Core...

SOUTHVILLE LIBRARY

Southville International School and Colleges Library

1281 Tropical Ave. Cor. Luxembourg St., BF Homes International, Las Pinas City

Tel. No. 8256374 / 252358 Loc. 117/146

Powered by Koha